Don Bosco y su sistema educativo

Αποθηκεύτηκε σε:
Λεπτομέρειες βιβλιογραφικής εγγραφής
Κύριος συγγραφέας: Auffray, Agustín (Συγγραφέας)
Μορφή: Βιβλίο
Γλώσσα:Ισπανικά
Έκδοση: Santiago Salesiana 1960
Θέματα:
Ετικέτες: Προσθήκη ετικέτας
Δεν υπάρχουν, Καταχωρήστε ετικέτα πρώτοι!

MARC

LEADER 00000nam a2200000 a 4500
001 UCH8258
003 CL-VaPUC
008 091127e19600000CL |||||||||||||||||spa|d
082 0 4 |a 922.245  |b AUF  |2 21 
100 |a Auffray, Agustín  |e author  |9 544727 
245 1 0 |a Don Bosco y su sistema educativo 
300 |a 93 p 
942 |c BK 
945 |d 20091127 00:00:00  |a ccalabra 
260 |a Santiago  |b Salesiana  |c 1960 
650 7 |a BIOGRAFIA  |2 CL-VaPUC  |9 504622 
650 0 |a Educación  |9 258661 
650 7 |a METODOLOGIA DE ENSEÑANZA  |2 CL-VaPUC  |9 369964 
650 0 |a Cristianismo  |9 257361 
650 0 |a Catolicismo  |9 258690 
583 |a last modification  |c 20091127 00:00:00  |k Rodrigo Vera 
999 |c 338489  |d 338487